000 00786nas a2200241 4500
001 BR0801117
003 BR-BrBNA
005 20231205111620.0
007 ta
008 230509b bl.|||p| |||| 00| 00por d
040 _aBR-BrBNA
_bpor
_cBiblioteca Nacional de Agricultura
041 _a(Es)
072 _aL74; L53
100 1 _aPreval, B.
100 1 _aGutiérrez, J.F.P.
245 1 _aEfecto de la lidocaina en el sindrome "retencion placentaria" (rp)y comportamiento procreativo de la vaca
650 _aVACA
650 _aANESTÉSICO
650 _aRETENÇÃO DE PLACENTA
773 0 _tRevista Brasileira de Reprodução Animal (Brazil)
_xISSN 0102-0803
_g(Oct-Dec 1998), v. 22(4) p. 210-216
_wBR0801117
909 _a202311
_bLúcia
_c55
_dLúcia Elande
942 _2AGRIS
_n0
_cANA
999 _c193557
_d193557